00000000nam 2200000zi 4500
0019.938100
003CaOODSP
00520250821101039
006m     o  d f      
007cr |n|||||||||
008240510t20242024onca    ob   f000 0 fre d
020 |a9780660718774
040 |aCaOODSP|bfre|erda|cCaOODSP
043 |an-cn---
0861 |aH134-38/2024F-PDF
24500|aRèglement sur l'apparence, l'emballage et l'étiquetage des produits du tabac (RAEEPT).
264 1|a[Ottawa] : |bSanté Canada = Health Canada, |c[2024]
264 4|c©2024
300 |a1 ressource en ligne (4 pages non numérotées) : |billustrations en couleur
336 |atexte|btxt|2rdacontent/fre
337 |ainformatique|bc|2rdamedia/fre
338 |aressource en ligne|bcr|2rdacarrier/fre
500 |aPublié aussi en anglais sous le titre : Tobacco products appearance, packaging and labelling regulations (TPAPLR).
500 |a« Pub.: 240178. »
504 |aIncludes bibliographical references.
61016|aCanada. |tLoi sur le tabac et les produits de vapotage.
650 6|aTabac|xDroit|zCanada.
650 6|aTabac|xEmballages|xÉtiquettes|xDroit|zCanada.
650 6|aTabac|xPolitique gouvernementale|zCanada.
7101 |aCanada. |bSanté Canada, |eorganisme de publication.
77508|tTobacco products appearance, packaging and labelling regulations (TPAPLR).|w(CaOODSP)9.938099
7760#|tRèglement sur l'apparence, l'emballage et l'étiquetage des produits du tabac (RAEEPT).|w(CaOODSP)9.938102
85640|qPDF|s918 Ko|uhttps://publications.gc.ca/collections/collection_2025/sc-hc/H134-38-2024-fra.pdf